Seinfeld Foods II (Seasons 5 & 6) Quiz Stats

 Plays Quiz not verified by Sporcle

Challenge
Share
Tweet
Embed
Score 0/31 Timer 10:00
0 Plays Today
Question Answer % Correct
George describes the sea as angry like an old man sending back this in a deli.Soup
92.3%
What food does Bania say does not count as a meal?Soup
92.3%
What does George buy Elaine that he doesn't get thanked for?Big Salad
91.5%
What supposedly non-fat treat leads to Jerry and Elaine gaining weight?Yogurt
90.6%
What does George get Rachel to eat as revenge for his 'shrinkage'?Lobster
90.4%
What does Mr. Pitt eat with a knife and fork that starts a trend?Snickers
90.4%
What is George's regular on toast at Monk's Cafe?Tuna
89.6%
What type of salad does George order on Rye to be the opposite?Chicken
88.4%
What fruit caused George to say 'I think it moved.'Mango
86.6%
What do television cameras catch George eating at the U.S. Open?Ice Cream
84.3%
What flavor Babka do Jerry and Elaine buy in the bakery?Cinnamon
83.9%
What kind of pasta does Kramer make Jerry out of?Fusilli
83.3%
What is one vegetable in the conversation spied on by the lip reader?Peas and Carrots
82.1%
What does a chimpanzee throw at Kramer?Banana Peel
81.3%
What does Jerry's girlfriend refuse to take a bite of?Pie
77.4%
What type of fruit does Kramer attempt to return to the store?Peach
74.2%
Question Answer % Correct
What causes George to sweat heavily at his Yankees job?Kung Pao
74.2%
What does Jerry refuse to eat at Poppie's?Pizza
73.4%
What food is stolen from Kramer when his arm is stuck in the Subway door?Gyro
73.2%
What does Jerry give his girlfriend so Elaine won't recognize her voice?Gum
72%
What makes Jerry sick, ending his no-vomit streak?Cookie
71.3%
What does Elaine buy before seeing her boyfriend at the hospital?Jujyfruits
67.1%
What does Kramer want to put on pizza that angers Poppie?Cucumbers
60.6%
What kind of peach does Kramer eat from Oregon?Mackinaw
56.5%
Jerry has an opening stand-up bit about this seedless fruit.Watermelon
54.7%
What vegetable was George going out to get prior to being seen naked?Tomatoes
54.5%
What does Reggie's not have that Jerry wants to order?Egg-white omelette
48%
What kind of candy bar does Kramer buy along with a Penthouse?Clark Bar
46.1%
What kind of pasta is Kramer going to make George out of?Ravioli
46.1%
What food was Kramer's optometrist addicted to?Sugar
37%
What kind of food does Kramer give to a homeless man?Chinese
36%

You're not logged in!

Compare scores with friends on all Sporcle quizzes.
Join for Free
OR
Log In

You Might Also Like...

Show Comments

Extras

Created Nov 10, 2010ReportNominate
Tags:Food Quiz, Seinfeld Quiz, season

Top Quizzes Today


Score Distribution

Your Account Isn't Verified!

In order to create a playlist on Sporcle, you need to verify the email address you used during registration. Go to your Sporcle Settings to finish the process.

Report this User

Report this user for behavior that violates our Community Guidelines.

Details: